<?xml version="1.0" encoding="UTF-8"?>
<record
    xmlns:xsi="http://www.w3.org/2001/XMLSchema-instance"
    xsi:schemaLocation="http://www.loc.gov/MARC21/slim http://www.loc.gov/standards/marcxml/schema/MARC21slim.xsd"
    xmlns="http://www.loc.gov/MARC21/slim">

  <leader>00755nam a22002297a 4500</leader>
  <controlfield tag="003">0</controlfield>
  <controlfield tag="005">20160609165026.0</controlfield>
  <controlfield tag="008">090930t        xxu||||| |||| 00| 0 eng d</controlfield>
  <datafield tag="040" ind1=" " ind2=" ">
    <subfield code="a">BUAC</subfield>
    <subfield code="c">BAC</subfield>
    <subfield code="b">FR</subfield>
  </datafield>
  <datafield tag="041" ind1=" " ind2=" ">
    <subfield code="a">FR</subfield>
  </datafield>
  <datafield tag="082" ind1=" " ind2=" ">
    <subfield code="a">070.40 KOV</subfield>
  </datafield>
  <datafield tag="100" ind1=" " ind2=" ">
    <subfield code="a">KOVACH, Bill</subfield>
    <subfield code="9">910</subfield>
  </datafield>
  <datafield tag="245" ind1=" " ind2=" ">
    <subfield code="a">Principe du Journalisme</subfield>
    <subfield code="b">:Ce que les journalistes doivent savoir,ce que le public doit exiger</subfield>
    <subfield code="c">Trad.de l'am&#xE9;ricain par Monique Berry</subfield>
  </datafield>
  <datafield tag="260" ind1=" " ind2=" ">
    <subfield code="a">New-York</subfield>
    <subfield code="b">Nouveaux Horizons</subfield>
    <subfield code="c">2004</subfield>
  </datafield>
  <datafield tag="300" ind1=" " ind2=" ">
    <subfield code="a">207p.</subfield>
    <subfield code="b">Couv.en Coul.</subfield>
    <subfield code="c">24 cm</subfield>
  </datafield>
  <datafield tag="600" ind1=" " ind2=" ">
    <subfield code="a">Rosenstiel,Tom</subfield>
    <subfield code="9">911</subfield>
  </datafield>
  <datafield tag="650" ind1=" " ind2=" ">
    <subfield code="a">Devoir du Journaliste</subfield>
    <subfield code="9">912</subfield>
  </datafield>
  <datafield tag="650" ind1=" " ind2=" ">
    <subfield code="a">Journalisme :Parole au sans voix</subfield>
    <subfield code="9">913</subfield>
  </datafield>
  <datafield tag="650" ind1=" " ind2=" ">
    <subfield code="a">Journalisme: un forum de discution</subfield>
    <subfield code="9">914</subfield>
  </datafield>
  <datafield tag="700" ind1=" " ind2=" ">
    <subfield code="a">Rosenstiel, Tom</subfield>
    <subfield code="9">944</subfield>
  </datafield>
  <datafield tag="942" ind1=" " ind2=" ">
    <subfield code="c">LIVR</subfield>
  </datafield>
  <datafield tag="999" ind1=" " ind2=" ">
    <subfield code="c">46225</subfield>
    <subfield code="d">46225</subfield>
  </datafield>
  <datafield tag="952" ind1=" " ind2=" ">
    <subfield code="0">0</subfield>
    <subfield code="1">0</subfield>
    <subfield code="4">0</subfield>
    <subfield code="7">0</subfield>
    <subfield code="a">BAC</subfield>
    <subfield code="b">BAC</subfield>
    <subfield code="d">2009-10-01</subfield>
    <subfield code="e">Don CCA</subfield>
    <subfield code="l">0</subfield>
    <subfield code="o">070.40 KOV</subfield>
    <subfield code="p">0097 BAC</subfield>
    <subfield code="r">2009-10-01 00:00:00</subfield>
    <subfield code="t">2</subfield>
    <subfield code="w">2009-10-01</subfield>
    <subfield code="y">LIVR</subfield>
  </datafield>
  <datafield tag="952" ind1=" " ind2=" ">
    <subfield code="0">0</subfield>
    <subfield code="1">0</subfield>
    <subfield code="4">0</subfield>
    <subfield code="7">0</subfield>
    <subfield code="a">BAC</subfield>
    <subfield code="b">BAC</subfield>
    <subfield code="d">2009-10-01</subfield>
    <subfield code="e">Don CCA</subfield>
    <subfield code="l">0</subfield>
    <subfield code="o">070.40 KOV</subfield>
    <subfield code="p">0098 BAC</subfield>
    <subfield code="r">2009-10-01 00:00:00</subfield>
    <subfield code="t">2</subfield>
    <subfield code="w">2009-10-01</subfield>
    <subfield code="y">LIVR</subfield>
  </datafield>
  <datafield tag="952" ind1=" " ind2=" ">
    <subfield code="0">0</subfield>
    <subfield code="1">0</subfield>
    <subfield code="4">0</subfield>
    <subfield code="7">0</subfield>
    <subfield code="a">BENAM</subfield>
    <subfield code="b">BENAM</subfield>
    <subfield code="d">2010-07-12</subfield>
    <subfield code="e">Don PNUD</subfield>
    <subfield code="l">0</subfield>
    <subfield code="o">070 KOV</subfield>
    <subfield code="p">8921ENAM</subfield>
    <subfield code="r">2010-07-12 00:00:00</subfield>
    <subfield code="w">2010-07-12</subfield>
    <subfield code="y">LIVR</subfield>
  </datafield>
  <datafield tag="952" ind1=" " ind2=" ">
    <subfield code="0">0</subfield>
    <subfield code="1">0</subfield>
    <subfield code="4">0</subfield>
    <subfield code="7">0</subfield>
    <subfield code="a">BENAM</subfield>
    <subfield code="b">BENAM</subfield>
    <subfield code="d">2010-07-12</subfield>
    <subfield code="e">Don PNUD</subfield>
    <subfield code="l">0</subfield>
    <subfield code="o">070 KOV</subfield>
    <subfield code="p">8918ENAM</subfield>
    <subfield code="r">2010-07-12 00:00:00</subfield>
    <subfield code="w">2010-07-12</subfield>
    <subfield code="y">LIVR</subfield>
  </datafield>
  <datafield tag="952" ind1=" " ind2=" ">
    <subfield code="0">0</subfield>
    <subfield code="1">0</subfield>
    <subfield code="4">0</subfield>
    <subfield code="7">0</subfield>
    <subfield code="a">BENAM</subfield>
    <subfield code="b">BENAM</subfield>
    <subfield code="d">2010-07-12</subfield>
    <subfield code="e">Don PNUD</subfield>
    <subfield code="l">0</subfield>
    <subfield code="o">070 KOV</subfield>
    <subfield code="p">8919ENAM</subfield>
    <subfield code="r">2010-07-12 00:00:00</subfield>
    <subfield code="w">2010-07-12</subfield>
    <subfield code="y">LIVR</subfield>
  </datafield>
  <datafield tag="952" ind1=" " ind2=" ">
    <subfield code="0">0</subfield>
    <subfield code="1">0</subfield>
    <subfield code="4">0</subfield>
    <subfield code="7">0</subfield>
    <subfield code="a">BENAM</subfield>
    <subfield code="b">BENAM</subfield>
    <subfield code="d">2010-07-12</subfield>
    <subfield code="e">Don PNUD</subfield>
    <subfield code="l">0</subfield>
    <subfield code="o">070 KOV</subfield>
    <subfield code="p">8917ENAM</subfield>
    <subfield code="r">2010-07-12 00:00:00</subfield>
    <subfield code="w">2010-07-12</subfield>
    <subfield code="y">LIVR</subfield>
  </datafield>
  <datafield tag="952" ind1=" " ind2=" ">
    <subfield code="0">0</subfield>
    <subfield code="1">0</subfield>
    <subfield code="4">0</subfield>
    <subfield code="7">0</subfield>
    <subfield code="a">BENAM</subfield>
    <subfield code="b">BENAM</subfield>
    <subfield code="d">2010-07-12</subfield>
    <subfield code="e">Don PNUD</subfield>
    <subfield code="l">0</subfield>
    <subfield code="o">070 KOV</subfield>
    <subfield code="p">8920ENAM</subfield>
    <subfield code="r">2010-07-12 00:00:00</subfield>
    <subfield code="w">2010-07-12</subfield>
    <subfield code="y">LIVR</subfield>
  </datafield>
</record>
